1987 Songs. Name the Band - Statistics

General Stats
  • This quiz has been taken 51 times
  • The average score is 9 of 20
Answer Stats
Songs Answer % Correct
Man in the Mirror Michael Jackson
87%
Paradise City Guns n' Roses
83%
Pour Some Sugar On Me Def Leppard
81%
Who's That Girl Madonna
72%
Girls, Girls, Girls Motley Crue
66%
Alone Heart
55%
Little Lies Fleetwood Mac
53%
Rhythm Is Gonna Get You Gloria Estefan and Miami Sound Machine
53%
Is This Love Whitesnake
47%
So Emotional Whitney Houston
43%
Only In My Dreams Debbie Gibson
36%
Jane Says Jane's Addiction
36%
When the Children Cry White Lion
28%
Don't Mean Nothing Richard Marx
26%
Point of No Return Expose
21%
Heart and Soul T'Pau
21%
Rock Me Great White
19%
Looking for a New Love Jody Watley
17%
Girls Ain't Nothing But Trouble Dj Jazzy Jeff and the Fresh Prince
15%
Bathroom Wall Faster Pussycat
13%
No matching quizzes found
Score Distribution
Percent of People with Each Score
Percentile by Number Answered
Your Score History
You have not taken this quiz